[Event "European Blitz 2022"]
[Site "Katowice POL"]
[Date "2022.12.16"]
[Round "7.10"]
[White "Piorun, Kacper"]
[Black "Costachi, Mihnea"]
[Result "1-0"]
[WhiteTitle "GM"]
[BlackTitle "IM"]
[WhiteElo "2611"]
[BlackElo "2476"]
[WhiteFideId "1130420"]
[BlackFideId "1217518"]
[EventDate "2022.12.16"]

1. d4 Nf6 2. Bg5 d5 3. Nd2 g6 4. Bxf6 exf6 5. e3 c6 6. c4 dxc4 7. Bxc4 Bd6 8.
Ngf3 O-O 9. O-O Nd7 10. a3 Nb6 11. Ba2 Re8 12. Rc1 f5 13. Nb3 Be6 14. Bb1 Bd5
15. Nc5 Rb8 16. b4 Nd7 17. Nd3 Qf6 18. g3 a5 19. Bc2 Ra8 20. Bb3 Be4 21. Nc5
Nxc5 22. bxc5 Bc7 23. Nd2 h5 24. Nxe4 fxe4 25. f3 h4 26. fxe4 Qg5 27. Qf3 Rf8
28. e5 hxg3 29. hxg3 Kg7 30. Qf6+ Qxf6 31. Rxf6 Bd8 32. Rd6 Bg5 33. Kf2 Rad8 34.
Rb1 Be7 35. Bc4 Bxd6 36. exd6 b5 37. Be2 Rb8 38. Bf3 Rfc8 39. Bg4 f5 40. Be2 Kf6
41. Ke1 b4 42. a4 Rh8 43. Bf3 Rbe8 44. Kd2 Rh2+ 45. Kd3 Rc8 46. d7 Rd8 47. Bxc6
Ke7 48. d5 Ra2 49. Bb5 Ra3+ 50. Kd4 Ra2 51. Rh1 Rd2+ 52. Ke5 Kf7 53. c6 Rc2 54.
d6 Rc5+ 55. Kd4 Rc2 56. c7 Rf8 57. d8=Q Rxd8 58. cxd8=Q Rd2+ 59. Ke5 1-0

[Event "European Blitz 2022"]
[Site "Katowice POL"]
[Date "2022.12.16"]
[Round "7.11"]
[White "Hovhannisyan, Robert"]
[Black "Plichta, Kamil"]
[Result "1-0"]
[WhiteTitle "GM"]
[BlackTitle "FM"]
[WhiteElo "2597"]
[BlackElo "2394"]
[WhiteFideId "13302507"]
[BlackFideId "1141830"]
[EventDate "2022.12.16"]

1. e4 g6 2. d4 Bg7 3. Nf3 c5 4. Be3 Nf6 5. dxc5 Nxe4 6. Nbd2 Nf6 7. Bc4 Nc6 8.
h3 O-O 9. O-O b6 10. cxb6 axb6 11. c3 d5 12. Bb5 Qc7 13. Re1 Rd8 14. Nd4 Bb7 15.
N2f3 Na5 16. Qc1 Ne4 17. Bh6 Bh8 18. Ng5 e5 19. Nxe4 exd4 20. Bf4 Qc8 21. Nd6
Rxd6 22. Bxd6 dxc3 23. bxc3 Qxc3 24. Rb1 Nc4 25. Bxc4 dxc4 26. Qxc3 Bxc3 27.
Rec1 Ba5 28. Rxc4 Bd5 29. Ra4 Rc8 30. Bf4 Be6 31. Be3 Rc6 32. Bd4 h5 33. Kh1 Kh7
34. Ra3 g5 35. Be3 Kg6 36. Rb5 f6 37. Rb1 Rd6 38. Rc1 h4 39. Ra4 Rd3 40. Rd4 Ra3
41. Rd6 Kf7 42. Rcc6 1-0

[Event "European Blitz 2022"]
[Site "Katowice POL"]
[Date "2022.12.16"]
[Round "7.12"]
[White "Livaic, Leon"]
[Black "Cherniaiev, Tykhon"]
[Result "0-1"]
[WhiteTitle "GM"]
[BlackTitle "FM"]
[WhiteElo "2572"]
[BlackElo "2330"]
[WhiteFideId "14531534"]
[BlackFideId "14182360"]
[EventDate "2022.12.16"]

1. d4 Nf6 2. c4 e6 3. Nf3 d5 4. Nc3 Bb4 5. Bg5 h6 6. Bxf6 Qxf6 7. e3 dxc4 8.
Bxc4 c5 9. O-O Bxc3 10. bxc3 Nc6 11. Qa4 O-O 12. Qa3 cxd4 13. cxd4 e5 14. d5 Ne7
15. d6 Nf5 16. Rfd1 e4 17. Nd4 Nxd6 18. Bb3 Bg4 19. Rdc1 a6 20. h3 Bd7 21. Rc7
Nb5 22. Nxb5 Qxa1+ 23. Rc1 Qe5 24. Nd4 Rac8 25. Rd1 Rfd8 26. Qb4 b5 27. Qa5 Be8
28. Qxa6 Qd6 29. Qb7 Qe5 30. Rb1 Rb8 31. Nc6 Rxb7 32. Nxe5 Rd2 33. Rc1 Rd8 34.
Rc5 Re7 35. Ng6 Red7 36. Nf4 Kf8 37. h4 Rd6 38. Re5 Bc6 39. Rc5 Be8 40. g4 Rc6
41. Re5 Rf6 42. Rxe4 Bc6 43. Re5 Rfd6 44. g5 hxg5 45. hxg5 Re8 46. Rc5 Red8 47.
Kh2 g6 48. Kg3 Kg7 49. Re5 Re8 50. Rc5 Red8 51. Re5 Re8 52. Rc5 Red8 53. Rc1 Rh8
54. f3 Re8 55. e4 Re5 56. Kh4 f6 57. gxf6+ Rxf6 58. Nd3 Rh5+ 59. Kg3 Rg5+ 60.
Kf2 Bxe4 61. Rc7+ Kh6 62. Ne1 Rgf5 63. Bd1 Bd5 64. a3 Rf4 65. Rc5 Bc4 66. Ng2
Rd4 67. Ne3 Rd2+ 68. Ke1 Rfd6 69. a4 R2d3 70. Ng4+ Kg7 71. Bc2 Rxf3 72. axb5
Rf1# 0-1

[Event "European Blitz 2022"]
[Site "Katowice POL"]
[Date "2022.12.16"]
[Round "7.13"]
[White "Tazbir, Marcin"]
[Black "Psyk, Radoslaw"]
[Result "0-1"]
[WhiteTitle "GM"]
[WhiteElo "2508"]
[BlackElo "2438"]
[WhiteFideId "1122452"]
[BlackFideId "1182838"]
[EventDate "2022.12.16"]

1. c4 e5 2. g3 d6 3. Bg2 f5 4. Nc3 Nf6 5. d3 Be7 6. e3 O-O 7. Nge2 c6 8. O-O Be6
9. f4 Nbd7 10. b3 exf4 11. Nxf4 Bf7 12. Qd2 Ne5 13. Bb2 Qd7 14. e4 fxe4 15. Nxe4
Nxe4 16. Bxe4 Bf6 17. Bg2 Rae8 18. Rae1 Bg5 19. Qc3 Bf6 20. Qd2 Bg5 21. Qc3 Bf6
22. d4 Ng4 23. h3 Nh6 24. g4 Bg6 25. Nxg6 hxg6 26. Qd3 Rxe1 27. Rxe1 Re8 28.
Rxe8+ Qxe8 29. Be4 Nf7 30. Bxg6 Qe1+ 31. Qf1 Qg3+ 32. Qg2 Qe3+ 33. Qf2 Qxh3 34.
Qe2 Qg3+ 35. Kf1 Qf4+ 36. Kg2 Kf8 37. Qe6 Qd2+ 38. Kg3 Bh4+ 0-1

[Event "European Blitz 2022"]
[Site "Katowice POL"]
[Date "2022.12.16"]
[Round "7.14"]
[White "Petrovskyi, Vadym"]
[Black "Fridman, Daniel"]
[Result "1/2-1/2"]
[WhiteTitle "FM"]
[BlackTitle "GM"]
[WhiteElo "2402"]
[BlackElo "2602"]
[WhiteFideId "14165210"]
[BlackFideId "11600454"]
[EventDate "2022.12.16"]

1. e4 e6 2. d4 d5 3. Nc3 Nf6 4. e5 Nfd7 5. f4 c5 6. Nf3 Nc6 7. Be3 Qb6 8. Na4
Qa5+ 9. c3 b6 10. Bd2 c4 11. b4 Nxb4 12. cxb4 Bxb4 13. Qc2 Bxd2+ 14. Nxd2 b5 15.
Nc3 b4 16. Nd1 O-O 17. Be2 f6 18. exf6 Nxf6 19. O-O Bd7 20. a3 Qb6 21. Nf3 a5
22. Ne3 Be8 23. axb4 Qxb4 24. Rfb1 Qe7 25. Ne5 Qa7 26. Rd1 a4 27. f5 a3 28. Qc1
exf5 29. Bf3 Qa5 30. N3xc4 dxc4 31. Nxc4 Qd8 32. Bxa8 Qxa8 33. Qxa3 Qd5 34. Qc5
Qe4 35. Re1 Qh4 36. Ne5 Bf7 37. Nxf7 Ng4 38. Qc7 Qf2+ 39. Kh1 Qxd4 40. Ra2 Nf2+
41. Rxf2 Qxf2 42. Rd1 Qe2 43. Rc1 Rxf7 44. Qd8+ Rf8 45. Qd5+ Kh8 46. Qxf5 Qe7 1/2-1/2

[Event "European Blitz 2022"]
[Site "Katowice POL"]
[Date "2022.12.16"]
[Round "7.15"]
[White "Kuzmicz, Krystian"]
[Black "Kazakouski, Valery"]
[Result "0-1"]
[WhiteTitle "IM"]
[BlackTitle "GM"]
[WhiteElo "2466"]
[BlackElo "2539"]
[WhiteFideId "1119125"]
[BlackFideId "13507443"]
[EventDate "2022.12.16"]

1. e4 e5 2. Nf3 Nc6 3. Nc3 Nf6 4. a3 d5 5. Bb5 d4 6. Ne2 Bd6 7. d3 Bd7 8. O-O a6
9. Bc4 Ne7 10. Ng3 Ng6 11. Bg5 h6 12. Bxf6 gxf6 13. Nf5 Bxf5 14. exf5 Ne7 15.
Nh4 h5 16. Qf3 c6 17. c3 Bc7 18. Rfe1 Qd6 19. Re4 dxc3 20. bxc3 Rh7 21. d4 exd4
22. Rae1 Qxh2+ 23. Kf1 O-O-O 24. Rxe7 Qh1+ 25. Ke2 Qxh4 26. Bxa6 Qg4 27. Bc4
dxc3 28. Bxf7 Rxf7 0-1

[Event "European Blitz 2022"]
[Site "Katowice POL"]
[Date "2022.12.16"]
[Round "7.16"]
[White "Klekowski, Maciej"]
[Black "Kowalski, Igor"]
[Result "0-1"]
[WhiteTitle "GM"]
[BlackTitle "IM"]
[WhiteElo "2477"]
[BlackElo "2344"]
[WhiteFideId "1132717"]
[BlackFideId "1172468"]
[EventDate "2022.12.16"]

1. c4 Nf6 2. Nf3 c6 3. b3 d5 4. Bb2 Bf5 5. g3 e6 6. Bg2 h6 7. O-O Be7 8. d3 O-O
9. Nbd2 Nbd7 10. Qc2 Bh7 11. Rad1 a5 12. a3 Re8 13. Qc1 Bf8 14. Qa1 c5 15. d4
cxd4 16. Nxd4 Qb6 17. cxd5 exd5 18. Nb1 Nc5 19. Nc3 Rad8 20. Qa2 Nfe4 21. Na4
Nxa4 22. bxa4 Bc5 23. e3 Bg6 24. Rd3 Qa6 25. Rb3 Nd2 26. Rb5 Bxd4 27. Bxd4 Nxf1
28. Bxf1 Qe6 29. Qb2 f6 30. Rxa5 Be4 31. Rb5 Rd7 32. Be2 Rc8 33. Bd1 Qh3 34. f3
Bd3 35. Be2 Rc2 36. Bxd3 Qg2# 0-1

[Event "European Blitz 2022"]
[Site "Katowice POL"]
[Date "2022.12.16"]
[Round "7.17"]
[White "Alonso Rosell, Alvar"]
[Black "Ondozi, Murtez"]
[Result "0-1"]
[WhiteTitle "GM"]
[BlackTitle "FM"]
[WhiteElo "2561"]
[BlackElo "2406"]
[WhiteFideId "2270544"]
[BlackFideId "937576"]
[EventDate "2022.12.16"]

1. d4 d5 2. c4 c6 3. Nf3 Nf6 4. Nc3 e6 5. Qd3 Nbd7 6. e4 dxe4 7. Nxe4 Nxe4 8.
Qxe4 c5 9. dxc5 Bxc5 10. Be2 Bb4+ 11. Bd2 Bxd2+ 12. Nxd2 Nf6 13. Qe3 O-O 14. O-O
Qc7 15. Bf3 Bd7 16. Rac1 Bc6 17. b4 Rfd8 18. Bxc6 Qxc6 19. Nf3 Qe4 20. Qb3 Rd3
21. Qa4 a6 22. Rfe1 Qf4 23. Qc2 Rad8 24. Qe2 Ng4 25. h3 Rxf3 26. hxg4 Rfd3 27.
g3 Qd4 28. Qe5 Qxg4 29. a4 h5 30. Kg2 h4 31. Qe4 Qxe4+ 32. Rxe4 hxg3 33. fxg3
Rb3 34. b5 Rb4 35. a5 axb5 36. Re5 bxc4 37. Rc5 Ra8 38. Rd1 Ra4 39. Rd7 R4xa5
40. Rxc4 b5 41. Rcc7 Rf8 42. Rb7 g6 43. Kh3 Kg7 44. Re7 Kf6 45. Rec7 g5 46. Rc5
Kg6 47. Re5 Rh8+ 48. Kg2 Ra2+ 49. Kf3 Ra3+ 50. Kg2 Rb3 51. Rc7 Rd8 52. Rcc5 f6
53. Rxe6 Rd2+ 54. Kh3 Rdd3 55. Rcc6 Rxg3+ 56. Kh2 Rgf3 57. Kg2 Rf5 58. Red6 Rb1
59. Rb6 b4 60. Rd4 b3 61. Rd3 Rf4 62. Rdxb3 Rxb3 63. Rxb3 Ra4 64. Kg3 f5 65. Rb8
Ra3+ 66. Kg2 Kh5 67. Rb4 f4 68. Rb8 Kg4 69. Rb2 Kh4 70. Rf2 Rb3 71. Kh2 f3 72.
Ra2 g4 73. Ra1 Rb2+ 74. Kg1 g3 75. Kh1 Kh3 76. Kg1 Rg2+ 77. Kf1 Rh2 0-1

[Event "European Blitz 2022"]
[Site "Katowice POL"]
[Date "2022.12.16"]
[Round "7.18"]
[White "Fus, Jakub"]
[Black "Keinanen, Toivo"]
[Result "0-1"]
[WhiteTitle "FM"]
[BlackTitle "IM"]
[WhiteElo "2405"]
[BlackElo "2508"]
[WhiteFideId "1193023"]
[BlackFideId "509825"]
[EventDate "2022.12.16"]

1. Nf3 d5 2. e3 Nf6 3. c4 e6 4. b3 Be7 5. Bb2 O-O 6. Nc3 c5 7. cxd5 Nxd5 8. Qc2
Nc6 9. h4 f5 10. h5 Bf6 11. h6 g5 12. Nxd5 exd5 13. Bb5 g4 14. Bxc6 gxf3 15. Bb5
d4 16. gxf3 Qd6 17. O-O-O Be6 18. Bc4 Kh8 19. Bxe6 Qxe6 20. Qc4 Qxc4+ 21. bxc4
Rad8 22. Kc2 Rd6 23. Rh5 d3+ 24. Kc1 Rb6 25. Bc3 Bxc3 26. dxc3 Rd6 27. Kd2 Ra6
28. Ke1 Rd8 29. Rxf5 Kg8 30. Rxc5 Rxh6 31. Rd5 Rxd5 32. cxd5 Rh1+ 33. Kd2 Rxd1+
34. Kxd1 h5 35. c4 h4 0-1

[Event "European Blitz 2022"]
[Site "Katowice POL"]
[Date "2022.12.16"]
[Round "7.19"]
[White "Pultinevicius, Paulius"]
[Black "Mitusov, Semen"]
[Result "1-0"]
[WhiteTitle "GM"]
[BlackTitle "IM"]
[WhiteElo "2561"]
[BlackElo "2397"]
[WhiteFideId "12809390"]
[BlackFideId "14151049"]
[EventDate "2022.12.16"]

1. d4 d5 2. Bf4 Nf6 3. e3 c5 4. c3 Nc6 5. Nd2 Bf5 6. dxc5 e5 7. Bg5 Bxc5 8. Bxf6
Qxf6 9. Nb3 Bb6 10. Qxd5 O-O 11. Nf3 Rad8 12. Qb5 Be4 13. Be2 Qg6 14. O-O Rd6
15. Rad1 Rf6 16. Ne1 Rf5 17. Qa4 Rg5 18. g3 Bxe3 19. Ng2 Bb6 20. Nd2 Bc2 21. Qc4
Bxd1 22. Bxd1 Qe6 23. Qxe6 fxe6 24. Ne4 Rg6 25. Nh4 Rh6 26. Kg2 Ne7 27. Nf3 Nf5
28. Bb3 Rd8 29. Nxe5 Nd6 30. Ng5 Rf6 31. Nxe6 Rc8 32. Rd1 Ne8 33. Ng5+ Kf8 34.
Nxh7+ Ke7 35. Rd7# 1-0

[Event "European Blitz 2022"]
[Site "Katowice POL"]
[Date "2022.12.16"]
[Round "7.20"]
[White "Dobrovoljc, Vid"]
[Black "Drozdowski, Kacper"]
[Result "1/2-1/2"]
[WhiteTitle "FM"]
[BlackTitle "IM"]
[WhiteElo "2384"]
[BlackElo "2448"]
[WhiteFideId "14609843"]
[BlackFideId "1136720"]
[EventDate "2022.12.16"]

1. Nf3 d5 2. g3 c6 3. Bg2 Bg4 4. O-O Nd7 5. h3 Bxf3 6. Bxf3 e6 7. d3 Bd6 8. Bg2
Ne7 9. c4 O-O 10. Nc3 a6 11. e4 dxc4 12. dxc4 Qc7 13. Qe2 Rfd8 14. Rb1 a5 15. h4
Nc5 16. h5 h6 17. Be3 e5 18. Rbd1 Ne6 19. Bh3 Nd4 20. Bxd4 exd4 21. Rxd4 Bxg3
22. Rxd8+ Rxd8 23. fxg3 Qxg3+ 24. Bg2 Qe5 25. Qf3 f6 26. Qe3 Rd4 27. c5 Rd8 28.
Bf3 Qg3+ 29. Kh1 Qh3+ 30. Kg1 Qg3+ 31. Kh1 Qh3+ 1/2-1/2

[Event "European Blitz 2022"]
[Site "Katowice POL"]
[Date "2022.12.16"]
[Round "7.21"]
[White "Trybus, Daniel"]
[Black "Alexakis, Dimitris"]
[Result "0-1"]
[BlackTitle "IM"]
[WhiteElo "2258"]
[BlackElo "2486"]
[WhiteFideId "21816131"]
[BlackFideId "4277023"]
[EventDate "2022.12.16"]

1. e4 c5 2. Nf3 Nc6 3. d4 cxd4 4. Nxd4 Nf6 5. Nc3 d6 6. f3 e5 7. Nb3 Be7 8. Be3
O-O 9. Qd2 a5 10. Bb5 Be6 11. Rd1 Na7 12. Bd3 Nc8 13. O-O a4 14. Nc1 Nb6 15. Qe2
Rc8 16. Kh1 Nc4 17. Nxa4 b5 18. Nc3 Nxb2 19. Nxb5 Nxd1 20. Rxd1 Qa5 21. Bd2 Qa8
22. Nb3 Rfd8 23. Ra1 d5 24. exd5 Nxd5 25. Qxe5 Bf6 26. Qe4 g6 27. Rd1 Bf5 28.
Qe2 Bxd3 29. cxd3 Qxa2 30. Nc1 Qa4 31. d4 Rc4 32. Na3 Rxc1 0-1

[Event "European Blitz 2022"]
[Site "Katowice POL"]
[Date "2022.12.16"]
[Round "7.22"]
[White "Navara, David"]
[Black "Kos, Pawel"]
[Result "1-0"]
[WhiteTitle "GM"]
[WhiteElo "2684"]
[BlackElo "2234"]
[WhiteFideId "309095"]
[BlackFideId "1120085"]
[EventDate "2022.12.16"]

1. d4 Nf6 2. c4 g6 3. Nc3 d5 4. cxd5 Nxd5 5. e4 Nxc3 6. bxc3 c5 7. Be3 Bg7 8.
Qd2 O-O 9. Rc1 Qa5 10. Nf3 b6 11. d5 f5 12. e5 Nd7 13. Bh6 Nxe5 14. Nxe5 Bxe5
15. Bxf8 Kxf8 16. h4 Qa4 17. c4 Qb4 18. Qxb4 cxb4 19. h5 g5 20. h6 Kf7 21. Bd3
Bd7 22. Ke2 Rc8 23. g4 fxg4 24. Bxh7 e6 25. Be4 Bf4 26. Rcd1 Rxc4 27. h7 1-0

[Event "European Blitz 2022"]
[Site "Katowice POL"]
[Date "2022.12.16"]
[Round "7.23"]
[White "Oleksiyenko, Mykhaylo"]
[Black "Horvath, Dominik"]
[Result "1-0"]
[WhiteTitle "GM"]
[BlackTitle "IM"]
[WhiteElo "2594"]
[BlackElo "2502"]
[WhiteFideId "4152417"]
[BlackFideId "1642561"]
[EventDate "2022.12.16"]

1. e4 e5 2. Nf3 Nc6 3. Bb5 a6 4. Bxc6 dxc6 5. O-O Bd6 6. d4 exd4 7. Qxd4 f6 8.
Nbd2 Be6 9. b3 Ne7 10. Nc4 c5 11. Qc3 Nc6 12. Nxd6+ cxd6 13. Bf4 Qe7 14. Rad1
O-O-O 15. a3 g5 16. Bg3 h5 17. h4 g4 18. Ne1 f5 19. Bxd6 Qxh4 20. exf5 Bxf5 21.
Qxc5 Qf6 22. Be7 Qxe7 23. Qxf5+ Kb8 24. Rxd8+ Qxd8 25. Nd3 Nd4 26. Qe5+ Ka8 27.
Nc5 Re8 28. Qh2 Ne2+ 29. Kh1 h4 30. Nd3 g3 31. Qh3 gxf2 32. Rxf2 Ng3+ 33. Kh2
Qd6 34. Kg1 Qd4 35. Kh2 Qd6 36. Kg1 Qxa3 37. Qxh4 Qa1+ 38. Kh2 Qh1+ 39. Kxg3
Rg8+ 40. Qg4 Rxg4+ 41. Kxg4 Qd1+ 42. Kf4 Qg1 43. g4 b5 44. g5 a5 45. Rf3 Qd4+
46. Kf5 Qd5+ 47. Ne5 a4 48. bxa4 bxa4 49. g6 1-0

[Event "European Blitz 2022"]
[Site "Katowice POL"]
[Date "2022.12.16"]
[Round "7.24"]
[White "Klenburg, Michael"]
[Black "Saraci, Nderim"]
[Result "0-1"]
[WhiteTitle "IM"]
[BlackTitle "IM"]
[WhiteElo "2347"]
[BlackElo "2468"]
[WhiteFideId "14102072"]
[BlackFideId "6351921"]
[EventDate "2022.12.16"]

1. g3 Nf6 2. Bg2 d5 3. d3 g6 4. Nf3 Bg7 5. O-O O-O 6. Nbd2 c5 7. e4 Nc6 8. Re1
dxe4 9. dxe4 Nd7 10. Qe2 Qc7 11. c3 Nde5 12. Nxe5 Nxe5 13. f4 Nc6 14. Qf2 b6 15.
h3 Bb7 16. Nc4 Rad8 17. a4 e6 18. Be3 Ba6 19. Bf1 Bxc4 20. Bxc4 Na5 21. Bf1 Qc6
22. e5 Nb3 23. Ra3 c4 24. a5 Nxa5 25. Bg2 Qc7 26. Rea1 Rd7 27. Be4 Rfd8 28. Kg2
Rd1 29. Rxd1 Rxd1 30. Bf3 Rd8 31. h4 Nb3 32. h5 Bf8 33. Ra4 Na5 34. Ra1 Nb3 35.
Ra4 Na5 36. Ra1 Bc5 37. Bxc5 bxc5 38. h6 Nb3 39. Rd1 Rxd1 40. Bxd1 Qb7+ 41. Bf3
Qd7 42. Qe1 a5 43. Qe4 Qd2+ 44. Kh3 Qd8 45. Qxc4 Nd2 46. Qe2 Nxf3 47. Qxf3 Qf8
48. Qc6 Qxh6+ 49. Kg2 Qf8 50. Qb5 Qa8+ 51. Kf2 Qa7 52. Kf3 Kg7 53. b3 Qc7 54.
Kf2 h6 55. Kf3 g5 56. Kf2 g4 57. Ke3 Qa7 58. Kd3 h5 59. Qc6 Qb8 60. Kc4 Qd8 61.
Qxc5 Qd2 62. Qe7 Qd5# 0-1

[Event "European Blitz 2022"]
[Site "Katowice POL"]
[Date "2022.12.16"]
[Round "7.25"]
[White "Dragnev, Valentin"]
[Black "Subelj, Jan"]
[Result "0-1"]
[WhiteTitle "GM"]
[BlackTitle "IM"]
[WhiteElo "2556"]
[BlackElo "2492"]
[WhiteFideId "1634852"]
[BlackFideId "14618583"]
[EventDate "2022.12.16"]

1. e4 e6 2. d4 d5 3. e5 c5 4. c3 Nc6 5. Nf3 Bd7 6. Be2 f6 7. O-O fxe5 8. Nxe5
Nxe5 9. dxe5 Qc7 10. f4 O-O-O 11. Kh1 Ne7 12. b4 c4 13. Be3 Nf5 14. Bf2 h5 15.
Bxh5 Be7 16. Bg6 Nh4 17. Nd2 Nxg6 18. Qg4 Rh6 19. a4 Kb8 20. Nf3 Rf8 21. Be3 Nh4
22. Qxg7 Nf5 0-1

[Event "European Blitz 2022"]
[Site "Katowice POL"]
[Date "2022.12.16"]
[Round "7.26"]
[White "Kyc, Jerzy"]
[Black "Schneider, Ilja"]
[Result "0-1"]
[BlackTitle "IM"]
[WhiteElo "2230"]
[BlackElo "2483"]
[WhiteFideId "1163922"]
[BlackFideId "4663306"]
[EventDate "2022.12.16"]

1. e4 e5 2. Nf3 d6 3. d4 exd4 4. Nxd4 Nf6 5. Nc3 Be7 6. Be2 O-O 7. O-O Re8 8. f4
Bf8 9. Bf3 c5 10. Nb3 Nc6 11. Be3 Bf5 12. exf5 Rxe3 13. Qd2 Re8 14. Nd5 c4 15.
Nd4 Nxd5 16. Bxd5 Qb6 17. c3 Qc5 18. Bxc6 bxc6 19. Kh1 Be7 20. Rad1 Bf6 21. Nf3
d5 22. g4 Re3 23. g5 Rd3 24. Qe2 Rxd1 25. Rxd1 Be7 26. Nd4 Bd6 27. Rf1 Qb6 28.
g6 Qc7 29. gxh7+ Kxh7 30. Qh5+ Kg8 31. f6 g6 32. Qg5 Bf8 33. f5 Qe5 34. Qg2 c5
35. Nc6 Qxf6 36. Qxd5 Rc8 37. Ne5 Rd8 38. Nd7 Qe7 39. Rd1 Rxd7 40. Qxd7 Qe4+ 41.
Kg1 Bh6 42. Qd8+ Kg7 43. Qd5 Be3+ 44. Kf1 Qf4+ 45. Kg2 Qf2+ 46. Kh3 g5 47. Qe5+
Kh7 48. Qe4 Bf4 49. Qg2 Qh4# 0-1

[Event "European Blitz 2022"]
[Site "Katowice POL"]
[Date "2022.12.16"]
[Round "7.27"]
[White "Cramling, Pia"]
[Black "Bartel, Mateusz"]
[Result "0-1"]
[WhiteTitle "GM"]
[BlackTitle "GM"]
[WhiteElo "2463"]
[BlackElo "2627"]
[WhiteFideId "1700030"]
[BlackFideId "1112635"]
[EventDate "2022.12.16"]

1. d4 e6 2. c4 b6 3. a3 Bb7 4. Nc3 Nf6 5. f3 d5 6. cxd5 exd5 7. e3 Bd6 8. Bd3
O-O 9. Nge2 c5 10. O-O Nc6 11. Bd2 Re8 12. Kh1 Qd7 13. Rc1 Rad8 14. g4 Bb8 15.
Rg1 Kh8 16. Qf1 g6 17. Qf2 Re7 18. Rg2 Rde8 19. Rf1 a6 20. Qh4 Ng8 21. Qf2 Na5
22. Nf4 Nc4 23. Qh4 Bxf4 24. exf4 cxd4 25. Ne2 Ne3 26. Rfg1 Nxg2 27. Rxg2 Qa4
28. Qe1 Qb3 29. Qb1 Qa4 30. b3 Qxa3 31. Nxd4 Qc5 32. Qa1 f6 33. Rg1 a5 34. g5
Rf7 35. Rc1 Qd6 36. Kg2 Ref8 37. Rf1 Bc8 38. Qb2 Qd7 39. Rf2 Qh3+ 40. Kg1 Kg7
41. Bf1 Qd7 42. Bd3 h6 43. Bb5 Qe7 44. Bd3 Kh7 45. h4 h5 46. f5 gxf5 47. Nxf5
Bxf5 48. Bxf5+ Kh8 49. g6 Rg7 50. Qd4 Qe5 51. Qd3 Ne7 52. Bh3 Rxg6+ 53. Kh1 Rfg8
54. Rf1 Qg3 0-1

[Event "European Blitz 2022"]
[Site "Katowice POL"]
[Date "2022.12.16"]
[Round "7.28"]
[White "Azarov, Sergei"]
[Black "Kjartansson, Gudmundur"]
[Result "1/2-1/2"]
[WhiteTitle "GM"]
[BlackTitle "GM"]
[WhiteElo "2562"]
[BlackElo "2453"]
[WhiteFideId "13501470"]
[BlackFideId "2301318"]
[EventDate "2022.12.16"]

1. e4 c5 2. Nf3 d6 3. d4 cxd4 4. Nxd4 Nf6 5. Nc3 a6 6. Bg5 e6 7. f4 Be7 8. Qf3
Qc7 9. O-O-O Nbd7 10. f5 Ne5 11. Qh3 Nfg4 12. Bxe7 Qxe7 13. Qg3 h6 14. Be2 Qg5+
15. Rd2 Ne3 16. Nf3 Qxg3 17. hxg3 Ke7 18. Nxe5 dxe5 19. Rd3 Nc4 20. b3 Nb6 21.
a4 Nd7 22. fxe6 fxe6 23. a5 Nc5 24. Rd2 Rd8 25. b4 Rxd2 26. Kxd2 Nd7 27. Na4 Rb8
28. c4 Nf6 29. Ke3 Bd7 30. Nb6 Be8 31. b5 Rd8 32. bxa6 bxa6 33. Rd1 Bc6 34. Rxd8
Kxd8 35. Bd3 Kc7 36. c5 Bb7 37. Nc4 Nd7 38. Nd6 Nxc5 39. Ne8+ Kc6 40. Nxg7 Nxd3
41. Kxd3 Kb5 42. Nxe6 Kxa5 43. Nd8 Ba8 44. Nf7 h5 45. Nxe5 Kb5 46. Ng6 a5 47.
Nf4 a4 48. e5 Kc5 49. Kc3 Bd5 50. Nxh5 Bxg2 51. Nf4 Bd5 52. g4 Bg8 53. g5 a3 54.
g6 a2 55. Kb2 Kc6 56. g7 Kd7 57. Nh5 Ke7 58. Nf6 Bc4 59. Ka1 Bb3 60. Kb2 Bc4 61.
Ne4 Bd5 62. Ng5 Bg8 63. Ka1 Kd7 64. Kb2 Ke7 65. Ne4 Bc4 66. Nd6 Bg8 67. Nf5+ Ke6
68. Nh6 Bh7 69. g8=Q+ Bxg8 70. Nxg8 Kxe5 71. Kxa2 1/2-1/2

[Event "European Blitz 2022"]
[Site "Katowice POL"]
[Date "2022.12.16"]
[Round "7.29"]
[White "Kosakowski, Jakub"]
[Black "Bartel, Michal"]
[Result "1-0"]
[WhiteTitle "IM"]
[BlackTitle "FM"]
[WhiteElo "2475"]
[BlackElo "2250"]
[WhiteFideId "1185080"]
[BlackFideId "1119257"]
[EventDate "2022.12.16"]

1. e4 e5 2. Nf3 Nc6 3. d4 exd4 4. Nxd4 Bc5 5. Nb3 Bb6 6. Nc3 d6 7. Qe2 Be6 8.
Be3 Nf6 9. O-O-O Qe7 10. f3 O-O-O 11. Bxb6 axb6 12. g4 h6 13. Qb5 Bxb3 14. Qxb3
Qe5 15. Kb1 Rhf8 16. Bb5 Na7 17. Bc4 Qe8 18. h4 Nd7 19. Qa3 Kb8 20. f4 Nc5 21.
Rhe1 Qe7 22. g5 hxg5 23. hxg5 f6 24. Nd5 Qe8 25. gxf6 gxf6 26. Qf3 Nc6 27. a3
Qg6 28. Bb5 Qf7 29. Qc3 Na7 30. Bf1 Rde8 31. Bg2 Nc6 32. Bf3 Nd7 33. Rh1 f5 34.
Bh5 Qe6 35. Bxe8 Rxe8 36. exf5 Qxf5 37. Qg7 Rc8 38. Ne3 Qe6 39. f5 Qxe3 40. Qxd7
Ne5 41. Qe6 Rf8 42. Qe7 Rf7 43. Qe8+ Ka7 44. Qa4+ Kb8 45. Rh8+ Rf8 46. Rxf8# 1-0

[Event "European Blitz 2022"]
[Site "Katowice POL"]
[Date "2022.12.16"]
[Round "7.30"]
[White "Kulon, Klaudia"]
[Black "Tregubov, Pavel V."]
[Result "1-0"]
[WhiteTitle "IM"]
[BlackTitle "GM"]
[WhiteElo "2274"]
[BlackElo "2553"]
[WhiteFideId "1131044"]
[BlackFideId "4115341"]
[EventDate "2022.12.16"]

1. c4 c5 2. g3 Nf6 3. Bg2 d5 4. cxd5 Nxd5 5. Nc3 Nc7 6. Nf3 Nc6 7. O-O e5 8. d3
Be7 9. Be3 O-O 10. Rc1 Bd7 11. a3 f6 12. Nd2 Nd4 13. Bxb7 Rb8 14. Bg2 Rxb2 15.
Re1 Be6 16. Na4 Rb5 17. Nc4 Nd5 18. Bd2 Qd7 19. Nc3 Nxc3 20. Bxc3 Rfb8 21. e3
Nc6 22. a4 Rb3 23. Bxc6 Qxc6 24. Na5 Qxa4 25. Nxb3 Bxb3 26. Qd2 Qc6 27. Ra1 a6
28. Reb1 Rb5 29. Ra5 Be6 30. Rbxb5 axb5 31. e4 h6 32. Qb2 b4 33. Bd2 Qd7 34. Qb1
Kh7 35. Be3 Qc7 36. Ra6 Bh3 37. f3 c4 38. Ra7 Qd8 39. dxc4 Bf8 40. Kf2 Qc8 41.
Qc2 Qb8 42. Ra1 b3 43. Qc3 Bb4 44. Qb2 Bd6 45. Rb1 Qa8 46. Qxb3 Qa5 47. Qc2 Qa3
48. c5 Bc7 49. Rb7 Ba5 50. Rb3 Qa1 51. Rb1 Qa3 52. Qb3 1-0

[Event "European Blitz 2022"]
[Site "Katowice POL"]
[Date "2022.12.16"]
[Round "7.31"]
[White "Raczek, Krzysztof"]
[Black "Wieczorek, Oskar"]
[Result "0-1"]
[BlackTitle "GM"]
[WhiteElo "2161"]
[BlackElo "2504"]
[WhiteFideId "21005303"]
[BlackFideId "1133950"]
[EventDate "2022.12.16"]

1. c4 Nf6 2. Nf3 g6 3. g3 Bg7 4. Bg2 O-O 5. O-O d6 6. Nc3 Nc6 7. d3 e5 8. Rb1 a5
9. a3 Re8 10. Bg5 h6 11. Bxf6 Bxf6 12. b4 axb4 13. axb4 Bg7 14. b5 Ne7 15. Qb3
c6 16. Nd2 Be6 17. Ra1 Rxa1 18. Rxa1 d5 19. bxc6 bxc6 20. cxd5 cxd5 21. Qa3 Nc6
22. Nb5 h5 23. Qd6 Qxd6 24. Nxd6 Rb8 25. e4 d4 26. N6c4 Bh6 27. Ra6 Nb4 28. Ra3
Bxd2 29. Nxd2 Rc8 30. Bf1 Rc3 31. Ra8+ Kg7 32. Nf3 f6 33. Ra7+ Bf7 34. Kg2 Nxd3
35. Rd7 Nc5 36. Ra7 Nxe4 37. Ne1 Nd6 38. Nd3 Nb5 39. Nxe5 Nxa7 0-1